Nuclear bomb and pakistan (Record no. 50385)
[ view plain ]
| 000 -LEADER | |
|---|---|
| fixed length control field | 00531 a2200193 4500 |
| 020 ## - INTERNATIONAL STANDARD BOOK NUMBER | |
| International Standard Book Number | 81-7050-038-9 |
| 041 ## - LANGUAGE CODE | |
| Language code of text/sound track or separate title | Eng. |
| 082 ## - DEWEY DECIMAL CLASSIFICATION NUMBER | |
| Classification number | 623.45130954145 |
| Item number | C455n |
| 100 ## - MAIN ENTRY--PERSONAL NAME | |
| Personal name | Chopra, V.D. |
| 9 (RLIN) | 3463 |
| 100 ## - MAIN ENTRY--PERSONAL NAME | |
| Personal name | Gupta, Rakesh |
| 9 (RLIN) | 9039 |
| 245 ## - TITLE STATEMENT | |
| Title | Nuclear bomb and pakistan |
| Remainder of title | external and internal factors |
| 260 ## - PUBLICATION, DISTRIBUTION, ETC. | |
| Place of publication, distribution, etc. | New Delhi |
| Name of publisher, distributor, etc. | Patriot Pub. |
| Date of publication, distribution, etc. | 1986 |
| 300 ## - PHYSICAL DESCRIPTION | |
| Extent | 127p. |
| 650 ## - SUBJECT ADDED ENTRY--TOPICAL TERM | |
| Topical term or geographic name entry element | Nuclear weapons |
| 9 (RLIN) | 4301 |
| 650 ## - SUBJECT ADDED ENTRY--TOPICAL TERM | |
| Topical term or geographic name entry element | Military engineering |
| 9 (RLIN) | 6336 |
| 650 ## - SUBJECT ADDED ENTRY--TOPICAL TERM | |
| Topical term or geographic name entry element | Military strategy |
| 9 (RLIN) | 5735 |
| 653 ## - INDEX TERM--UNCONTROLLED | |
| Uncontrolled term | Engineering |
| 942 ## - ADDED ENTRY ELEMENTS (KOHA) | |
| Source of classification or shelving scheme | Dewey Decimal Classification |
| Koha item type | General Collections |
| Withdrawn status | Lost status | Source of classification or shelving scheme | Damaged status | Not for loan | Home library | Current library | Date acquired | Total Checkouts | Full call number | Barcode | Date last seen | Price effective from | Koha item type |
|---|---|---|---|---|---|---|---|---|---|---|---|---|---|
| Dewey Decimal Classification | Tribhuvan University Central Library | Tribhuvan University Central Library | 01/08/2011 | 623.45130954145 C455n | 94664 | 01/08/2011 | 01/08/2011 | General Collections |
